Caricamento...

An introduction to civics /

Dettagli Bibliografici
Autore principale: Sen, Satyendra Nath
Natura: Printed Book
Lingua:English
Pubblicazione: Calcutta : Bookland ,.
LEADER 00467nam a22001337a 4500
008 190214b ||||| |||| 00| 0 eng d
082 |a 342.42 
100 |a Sen, Satyendra Nath 
245 |a An introduction to civics /  |c Satyendra Nath Sen 
260 |a Calcutta :  |b Bookland ,. 
300 |a 565p. ;  |c 23cm. 
942 |c BK 
999 |c 318931  |d 318931 
952 |0 0  |1 0  |2 ddc  |4 0  |6 342_420000000000000_SEN_I  |7 0  |9 365202  |a LLE  |b LLE  |c ST1  |d 1972-03-20  |g 9.00  |i 97  |l 0  |o 342.42 SEN/I  |p LLE97  |r 2019-02-14  |y BK